000
00309nam a22001217a 4500
008
230703b xxu||||| |||| 00| 0 eng d
082
_a
342.16
_b
IPU 2004
245
_a
Constitutional & Parliamentary Information
260
_b
Interparliamentary Union
_c
2004
300
_a
92p
440
_n
188
942
_2
ddc
_c
BK
999
_c
3203
_d
3203